| 000 | 00995nam a2200253 a 4500 | ||
|---|---|---|---|
| 001 | BRCA_7300 | ||
| 005 | 20190320205802.0 | ||
| 008 | 190412s1949----mx-#######---#000-0#spa-# | ||
| 041 | _aspa | ||
| 044 | _amx | ||
| 050 | 4 |
_aZ1007 _b.B65 4 1949 |
|
| 245 | 1 | 0 | _aBoletín bibliográfico del Departamento de Biblioteca, Archivos Económicos y Publicaciones. |
| 260 |
_aMéxico _bSecretaría de Hacienda y Crédito Público. Dirección de Estudios Financieros, Departamento de Biblioteca y Archivos Económicos _c1949 |
||
| 300 |
_a133 p. _c22 cm. |
||
| 500 | _aNo. 42, enero a junio, 1949 | ||
| 500 | _aBoletín inventariado por Banco de México como libro | ||
| 500 | _aVer también I145, Q25 y Q51 | ||
| 500 | _aQ91 | ||
| 610 | 2 | 4 |
_aDepartamento de Bibliotecas, Archivos Económicos y Publicaciones (México) _918061 |
| 650 | 1 | 4 |
_aBibliografía _vPublicaciones periódicas _918062 |
| 710 | 2 |
_aSecretaría de Hacienda y Crédito Público (México) _93608 |
|
| 902 | _aGFM | ||
| 942 |
_2lcc _cB |
||
| 999 |
_c6976 _d6976 |
||